Song Lyrics: Rammstein - Heirate mich - Statistics

General Stats
  • This quiz has been taken 210 times
    209 since last reset
  • The average score is 182 of 263
Answer Stats
Text % Correct
die
92%
Die
92%
hei',
92%
hei'.
92%
Heirate
92%
mich.
92%
ich
90%
Ich
90%
ich,
90%
ein
85%
ist
84%
ist.
84%
Nacht
84%
Nacht.
84%
Nacht,
84%
alle
82%
allein.
82%
er
82%
der
81%
Kirche
81%
bei
80%
den
80%
Man
80%
Stein.
80%
Stein,
80%
in
78%
Dort
76%
dort
76%
Und
76%
und
76%
du
75%
Zu
75%
zu
75%
Glocken
74%
sieht
74%
jede
72%
Hahn
71%
Jahr
71%
ihrem
70%
kann
70%
schläft
70%
Sinne,
70%
einem
69%
ihn
69%
schleichen,
69%
ihm
67%
mir
67%
mir.
67%
um
67%
dein
66%
seit
66%
dem
65%
das
64%
grab
64%
Tier.
64%
mal
63%
nahm
63%
Zum
62%
zum
62%
alleine
61%
lesen.
61%
einsames
60%
entkommst
58%
hinterher.
58%
was
58%
zweiten
58%
ab,
57%
Herz
57%
Trauer
57%
von
57%
noch
56%
verbring'
56%
zwischen
56%
hab
54%
hab'
54%
Schnecken,
54%
sind
54%
auf
53%
geh
53%
Kopf
53%
lauf'
53%
rote
53%
Tagsüber
53%
wir
53%
deine
52%
nackt.
52%
so
52%
So
52%
übrig
51%
gewesen.
49%
Zeit
48%
Gesicht,
47%
sehen
47%
seiner
47%
gelacht.
46%
graben,
45%
doch
43%
Morgen
43%
abgehackt.
42%
Papier.
42%
wie
42%
nun
40%
vermisst.
40%
im
39%
Zaun
39%
Haut
38%
dir
36%
finden
36%
Mit
35%
reißt
35%
nehm'
34%
Teile
34%
tief,
34%
Furcht
33%
gespießt,
33%
grüßt.
33%
diesen
30%
fallen
30%
meinen
30%
als
29%
heiß
29%
dich
28%
Arm,
27%
Händen
27%
geküsst.
26%
kalten
26%
Mond
26%
Mund
26%
deinen
24%
Kleid,
22%
schönsten
21%
Fluch
19%
zärtlich
19%
nehme
18%
No matching quizzes found
Score Distribution
Percent of People with Each Score
Percentile by Number Answered
Your Score History
You have not taken this quiz since the last reset